000
00250pab a2200109 454500
008
180718b xxu||||| |||| 00| 0 eng d
100
_a
Simha, S.L.N
245
_a
Budget: some thoughts
650
_a
Finance
773
_a
Financial Express
909
_a
24086
999
_c
24086
_d
24086